000 011310am a2200277 004500
003 EG-GiCUC
008 071002s2004 jo a g 000 0 ara d
017 _a2003 / 12 / 2640
_bالاردن.دائرة المكتبة الوطنية
040 _aEG-GiCUC
_bara
_cEG-GiCUC
092 0 4 _a577.6
_bD1118
_221
099 _a04
_a577.6 D1118
100 1 _aالدباغ : رياض حامد
245 1 2 _aالبيئة المائية /
_cتاليف رياض حامد الدباغ : حسين على السعدى
246 0 1 _aAquatic Environment
260 _aاربد : الاردن :
_bمؤسسة حمادة للدراسات الجامعية و النشر و التوزيع :
_c2003
300 _a308ص :
_bايض ؛
_c24سم
504 _aيشتمل على ارجاعات ببليوجرافية (ص283-308)
650 7 _aالبيئة البحرية
_2qrmak
650 7 _aالمياه
_xتلوث
_2qrmak
650 7 _aبيئة المياه العذبة
_2qrmak
700 1 _aالسعدى : حسين على
_eم.مشارك
902 _a1
905 _aجمال
_eمدخل
905 _aجيهان
_eمراجع
942 _2ddc
_cBK
999 _c97842
_d97842